Văn hoá các dân tộc Việt Nam thống nhất mà đa dạng

Сохранить в:
Библиографические подробности
Главный автор: Nông, Quốc Chấn
Формат:
Опубликовано: Chính trị quốc gia 2002
Метки: Добавить метку
Нет меток, Требуется 1-ая метка записи!
Thư viện lưu trữ: Mạng thư viện Đại học Đà Nẵng
LEADER 00621nam a2200229 a 4500
001 000029074
003 13837
005 20171030145630.0
008 171030s2002
020 |c 30000 
040 |a LTT 
082 0 |a 306.09  |b NÔ-C 
100 1 |a Nông, Quốc Chấn 
245 0 0 |a Văn hoá các dân tộc Việt Nam thống nhất mà đa dạng  |c Nông Quốc Chấn, Huỳnh Khái Vinh. 
260 |b Chính trị quốc gia  |c 2002 
OWN |a LTT 
999 |a From the UDN01 
TYP |a Monograph 
TYP |a Printed language 
980 |a Mạng thư viện Đại học Đà Nẵng